Tablice rejestracyjne w woj. dolnośląskim wg kodu - Statystyki

Ogólne statystyki
  • Ten quiz został rozwiązany 188 razy
  • Średni wynik to 22 z 30
Statystyki odpowiedzi
Kod Powiat / Miasto % Poprawnych
DW, DX Wrocław
95%
DL Legnica
92%
DGL głogowski (Głogów)
91%
DLU lubiński (Lubin)
88%
DWR wrocławski (Wrocław)
88%
DJ Jelenia Góra
87%
DKL kłodzki (Kłodzko)
87%
DLE legnicki (Legnica)
87%
DOL oleśnicki (Oleśnica)
83%
DZG zgorzelecki (Zgorzelec)
83%
DDZ dzierżoniowski (Dzierżoniów)
81%
DJE karkonoski (Jelenia Góra)
79%
DSW świdnicki (Świdnica)
75%
DB Wałbrzych
75%
DOA oławski (Oława)
74%
DBL bolesławiecki (Bolesławiec)
71%
DTR trzebnicki (Trzebnica)
70%
DBA wałbrzyski (Wałbrzych)
69%
DJA jaworski (Jawor)
67%
DLW lwówecki (Lwówek Śląski)
67%
DSR średzki (Środa Śląska)
66%
DLB lubański (Lubań)
65%
DPL polkowicki (Polkowice)
65%
DMI milicki (Milicz)
63%
DZL złotoryjski (Złotoryja)
61%
DKA kamiennogórski (Kamienna Góra)
59%
DST strzeliński (Strzelin)
49%
DZA ząbkowicki (Ząbkowice Śląskie)
49%
DGR górowski (Góra)
46%
DWL wołowski (Wołów)
44%
Nie znaleziono quizów pasujących do podanych kryteriów
Rozkład punktacji
Procent ludzi z każdym wynikiem
Percentyl według liczby udzielonych odpowiedzi
Twoja historia wyników
Nie rozwiązałeś tego quizu